AQA Biology A level quiz: Carbohydrates - Statistics

General Stats
  • This quiz has been taken 1,596 times
  • The average score is 9 of 15
Answer Stats
Hint Answer % Correct
How many carbons does a glucose have? 6
88%
Basic building unit of a polymer. monomer
88%
Is sucrose a reducing or non-reducing sugar? Non-reducing
82%
monosaccharides join through what type of reaction? Condensation
74%
Glucose joined to galactose forms _______ Lactose
71%
What are glucose's two isomers? Alpha beta
69%
what molecule used when hydrolysing a monosccharide? Water
69%
What type of bond is produced in this reaction? Glycosidic
64%
What is the major carbohydrate storage product of animals? Glycogen
63%
A polymer of beta glucose produces what polysaccharide? Cellulose
57%
what colour does the solution go in a successful benedict's test? Brick red
53%
For a non-reducing sugar test, what acid needs to be added? Hydrochloric
51%
What is the name of the test for a reducing sugar? Benedict's test
47%
The basic monomer that makes up a carbohydrate is: sugar
28%
starch doesn't effect water potential becuase it is: insoluable
8%
No matching quizzes found
Score Distribution
Percent of People with Each Score
Percentile by Number Answered
Your Score History
You have not taken this quiz